Curso de campo intensivo sobre "sedimentología predictiva" : 2 al 8 de mayo de 2004 /

Guardado en:
Autor Principal: Zavala, Carlos Alberto, 1964-
Autor Corporativo: Universidad Nacional del Sur. Departamento de Geología.
Formato: Manuscrito
Idioma:Spanish
Publicado: 2004.
Materias:
Etiquetas: Agregar Etiqueta
Sin Etiquetas, Sea el primero en etiquetar este registro!
LEADER 00866ntm a22001935a 4500
001 EUN.eunm000180
008 040524s2004####ag#a#####bm###000#0#spa#d
005 20240214115657.0
245 1 0 |a Curso de campo intensivo sobre "sedimentología predictiva" :  |b 2 al 8 de mayo de 2004 /  |c Carlos Zavala. 
260 |c 2004. 
300 |a 2 v. :  |b il. ;  |c 30 cm. +  |e 1 CD-ROM. 
504 |a Incluye referencias bibliográficas. 
505 0 |a v.1. Guía de temas teóricos -- v.2.Guía de campo -- cd. Guía de temas teóricos. Guía de campo. 
100 1 |a Zavala, Carlos Alberto,  |d 1964- 
710 2 |a Universidad Nacional del Sur.  |b Departamento de Geología. 
650 7 |a Sedimentación  |2 unbist 
650 7 |a Cuencas sedimentarias  |2 unbist 
859 |a AR-BaUNS  |b BIB. CENTRAL - Sector A  |h 551.3  |i Z1  |p 114409/004  |v 1  |3 v.1 
859 |a AR-BaUNS  |b BIB. CENTRAL - Sector A  |h 551.3  |i Z1  |p 114410/004  |v 2  |3 v.2